| 000 | 00459nam a2200169Ia 4500 | ||
|---|---|---|---|
| 003 | IN-BaIIA | ||
| 008 | 211028s9999 xx 000 0 eng d | ||
| 040 | _cIIA Library | ||
| 080 |
_a52(091) _bPLU |
||
| 100 |
_aPlunket, Emmeline M. _91155 |
||
| 245 | 0 |
_aAncient calendars and constellations _cEmmeline M. Plunket |
|
| 260 |
_aLondon _bJohn Murray _c1903 |
||
| 300 | _axvi, 255p. | ||
| 650 |
_aAncient Calendars _91156 |
||
| 650 | _aConstellations | ||
| 942 | _cBK | ||
| 999 |
_c502 _d502 |
||